000 00288nam a22001337a 4500
008 170602b xxu||||| |||| 00| 0 eng d
020 _a9780742525221
041 _aeng
080 _a94
100 _a17
101 _aSHH
245 _aDRUGS OIL AND WAR
_cSCOOT.P.D
942 _2udc
_cBK
999 _c15773
_d15773